书目信息 |
| 题名: |
2007年:泛珠三角区域合作与发展研究报告
|
|
| 作者: | 梁庆寅 , 陈广汉 主编 | |
| 分册: | ||
| 出版信息: | 北京 社会科学文献出版社 2007.06 |
|
| 页数: | 452页 | |
| 开本: | 23cm | |
| 丛书名: | 泛珠三角蓝皮书 | |
| 单 册: | ||
| 中图分类: | F127.6 | |
| 科图分类: | ||
| 主题词: | 珠江三角洲--zhu jiang san jiao zhou--经济合作--研究报告--2007 , 珠江三角洲--zhu jiang san jiao zhou--经济发展--研究报告--2007 | |
| 电子资源: | ||
| ISBN: | 978-7-80230-676-9 | |
| 000 | 01355nam 2200289 450 | |
| 005 | 20080917092315.21 | |
| 010 | @a978-7-80230-676-9@dCNY58.00 (含光盘) | |
| 100 | @a20070705d2007 em y0chiy0121 ea | |
| 101 | 0 | @achi |
| 102 | @aCN@b110000 | |
| 105 | @ay a 000yy | |
| 200 | 1 | @a2007年:泛珠三角区域合作与发展研究报告@A2007 nian:fan zhu san jiao qu yu he zuo yu fa zhan yan jiu bao gao@d= Research Reports on Cooperation and Development in Pan-pearl River Delta Region (2007)@f梁庆寅, 陈广汉主编@zeng |
| 210 | @a北京@c社会科学文献出版社@d2007.06 | |
| 215 | @a452页@d23cm | |
| 225 | 2 | @a泛珠三角蓝皮书@Afan zhu san jiao lan pi shu |
| 320 | @a有书目 | |
| 330 | @a本书集中了泛珠三角区域众多社会学家、经济学家的智慧,是发挥中山大学、湖南大学、清华大学以及其他一些国内权威学术研究机构多学科和综合性研究优势的一项成果。本书由总论篇、区域篇、专题篇三大部分组成. | |
| 410 | 0 | @12001 @a泛珠三角蓝皮书 |
| 510 | 1 | @aResearch Reports on Cooperation and Development in Pan-pearl River Delta Region (2007)@zeng |
| 606 | 0 | @a珠江三角洲@Azhu jiang san jiao zhou@x经济合作@x研究报告@z2007 |
| 606 | 0 | @a珠江三角洲@Azhu jiang san jiao zhou@x经济发展@x研究报告@z2007 |
| 690 | @aF127.6@v4 | |
| 701 | 0 | @a梁庆寅@Aliang qing yin@4主编 |
| 701 | 0 | @a陈广汉@Achen guang han@4主编 |
| 801 | 0 | @aCN@bLR@c20080917 |
| 905 | @aZUCC@dF127.6@eL405 | |
| 999 | @aLYX | |
| 2007年:泛珠三角区域合作与发展研究报告= Research Reports on Cooperation and Development in Pan-pearl River Delta Region (2007)/梁庆寅, 陈广汉主编.-北京:社会科学文献出版社,2007.06 |
| 452页;23cm.-(泛珠三角蓝皮书) |
| ISBN 978-7-80230-676-9:CNY58.00 (含光盘) |
| 本书集中了泛珠三角区域众多社会学家、经济学家的智慧,是发挥中山大学、湖南大学、清华大学以及其他一些国内权威学术研究机构多学科和综合性研究优势的一项成果。本书由总论篇、区域篇、专题篇三大部分组成. |
| ● |
| 相关链接 |
|
|
|
正题名:2007年:泛珠三角区域合作与发展研究报告
索取号:F127.6/L405
 
预约/预借
| 序号 | 登录号 | 条形码 | 馆藏地/架位号 | 状态 | 备注 |
| 1 | 679372 | 206793727 | 社科二线422/409社科库 112排2列2层/ [索取号:F127.6/L405] | 在馆 | |
| 2 | 679373 | 206793736 | 社科库409/409社科库 70排4列4层/ [索取号:F127.6/L405] | 在馆 | |
| 3 | 679374 | 206793745 | 社科库409/ [索取号:F127.6/L405] | 在馆 |